LEADER 00911nam a2200229 4500 001 000000335917 003 CaOOAMICUS 005 20190812092838.0 008 190809s1784 it 000 u ita r 026 $aA.RE ena, o.to cotu (3) 1784 (R) 040 $aSeMil$bita 245 00$aTomo 3. 264 1$aIn Pistoja :$bNella stamperia d'Atto Bracali,$c1784. 300 $a[2], 321, [1] p. ;$c8° 500 $aSegn.: ?²(-?2) A-V? ?1 752 $aIT$dPistoia 773 0 $tRaccolta di opuscoli interessanti la religione. Tomo 1. [-17.].$dIn Pistoja : Nella stamperia d'Atto Bracali, 1783-1790.$w()335914 850 $aSeMil 852 $aSeMil$W1$xVenegono$y1$m3X IV 3 FA$j215231$B227759$CSeMilBibl$Z2$F227759 $8I 996 $6245$aTomo 3$9(OLS)http://semarc/title/53129 996 $6264$aIn Pistoja :$bNella stamperia d'Atto Bracali$9(OLS)http://semarc/publisher/58463 LEADER 00878nam a2200217 i 4500 001 000000223609 003 CaOOAMICUS 005 20131016000000.0 008 131016s1792 it u000 u fre u 013 $a202506 026 $aN.ET i.nt reit (3an (3) 1792 (A) 040 $aSeMil$bita 245 10$aTome 40. 300 $a[4], 432 p. 500 $aContiene : Politique et legislation; Ecrits pour les habitans du Mont-Jura et du pays de gex; Traite sur la tolerance a l'occasion de la mort de Jean Calas. 773 0 $aVoltaire <1694-1778>$tOeuvres completes de m. de Voltaire. Tome 1. [-100.].$dA Lyon : Chez J. B. Delamollière, 1791-1792.$g40$w()28886 850 $aSeMil 852 $aSeMil$W1$xVenegono$y1$m2Q I 120 FA$j173955$B173955$CSeMilBibl$Z2$F184222 $8I 941 1 $a10 961 $aRecupero: Mantegazza 996 $6245$aTome 40$9(OLS)http://semarc/title/320617